| 000 | 00546nam a2200217Ia 4500 | ||
|---|---|---|---|
| 005 | 20251121151022.0 | ||
| 008 | 230125s9999 xx 000 0 und d | ||
| 020 | _a9789351507314 | ||
| 041 | _aeng | ||
| 082 |
_a158.1 _bWAD |
||
| 100 |
_aWadkar A _9215288 |
||
| 245 | _aLife Skills For Success | ||
| 250 | _a1st Ed. | ||
| 260 |
_c2016 _bSage publication _aNew Delhi |
||
| 300 | _a403p | ||
| 500 | _aPersonality Development | ||
| 650 |
_aPersonality Development _9213420 |
||
| 700 |
_aWadkar A _9215288 |
||
| 906 | _b121.8 | ||
| 942 | _cBK | ||
| 999 |
_c96104 _d96104 |
||